[Event "RSA-ch U20"]
[Site "Waterkloof"]
[Date "2015.04.08"]
[Round "8"]
[White "Beling, Ricardo"]
[Black "Mavuso, Sibusiso"]
[Result "1-0"]
[WhiteElo "1457"]
[BlackElo "1515"]
[PlyCount "73"]
[EventDate "2015.04.04"]
[EventType "swiss"]
[EventRounds "9"]
[EventCountry "RSA"]
[SourceTitle "CBM 166 Extra"]
[Source "ChessBase"]
[SourceDate "2015.06.18"]
[SourceVersion "1"]
[SourceVersionDate "2015.06.18"]
[SourceQuality "1"]

1. d4 d5 2. Nc3 Nf6 3. Bf4 a6 4. e3 Bg4 5. Be2 Bxe2 6. Qxe2 e6 7. Nf3 c5 8. 0-0 Nc6 9. Rad1 cxd4 10. exd4 Be7 11. Qd2 0-0 12. Ne5 Rc8 13. Ne2 Ne4 14. Qe3 Qe8 15. c3 Nf6 16. Ng3 Nxe5 17. dxe5 Nd7 18. Rfe1 Qd8 19. Nh5 Re8 20. Qg3 g6 21. Rd3 Kh8 22. Bh6 Bf8 23. Bxf8 Rxf8 24. Nf4 Qb6 25. Qh4 Qd8 26. Qh6 Rg8 27. Rh3 Rg7 28. Nd3 Rc4 29. Ree3 Re4 30. Kf1 Rxe3 31. Qxe3 Qc7 32. Rf3 Qc4 33. Qa7 Nxe5 34. Qb8+ Rg8 35. Qxe5+ f6 36. Qxf6+ Rg7 37. Qxe6 1-0

[Event "RSA-ch U20"]
[Site "Waterkloof"]
[Date "2015.04.07"]
[Round "5"]
[White "Mavuso, Sibusiso"]
[Black "Haupt, Clayton"]
[Result "1-0"]
[WhiteElo "1515"]
[BlackElo "1477"]
[PlyCount "48"]
[EventDate "2015.04.04"]
[EventType "swiss"]
[EventRounds "9"]
[EventCountry "RSA"]
[SourceTitle "CBM 166 Extra"]
[Source "ChessBase"]
[SourceDate "2015.06.18"]
[SourceVersion "1"]
[SourceVersionDate "2015.06.18"]
[SourceQuality "1"]

1. d4 d5 2. Nf3 Nf6 3. c4 c6 4. cxd5 cxd5 5. Nc3 e6 6. Bg5 Be7 7. e3 0-0 8. Bd3 Nbd7 9. 0-0 h6 10. Bh4 Re8 11. Rc1 a6 12. Bb1 Nh7 13. Bg3 f5 14. Nb5 axb5 15. Bc7 Bd6 16. Bxd8 Rxd8 17. Nd2 Rf8 18. g3 Rf6 19. Nf3 Rg6 20. a3 Nhf6 21. Bd3 Ne4 22. Bxe4 fxe4 23. Ne5 Bxe5 24. dxe5 Nxe5 1-0

[Event "RSA-ch U20"]
[Site "Waterkloof"]
[Date "2015.04.04"]
[Round "1"]
[White "Mavuso, Sibusiso"]
[Black "Oberholzer, Francois"]
[Result "0-1"]
[WhiteElo "1515"]
[BlackElo "1945"]
[PlyCount "100"]
[EventDate "2015.04.04"]
[EventType "swiss"]
[EventRounds "9"]
[EventCountry "RSA"]
[SourceTitle "CBM 166 Extra"]
[Source "ChessBase"]
[SourceDate "2015.06.18"]
[SourceVersion "1"]
[SourceVersionDate "2015.06.18"]
[SourceQuality "1"]

1. d4 Nf6 2. Nf3 c5 3. Nc3 cxd4 4. Nxd4 d5 5. Bg5 Nc6 6. Bxf6 gxf6 7. e3 e5 8. Nf3 Be6 9. a3 Bc5 10. Qd2 Qa5 11. Rb1 Be7 12. g3 0-0-0 13. Bg2 d4 14. exd4 Nxd4 15. Nxd4 Rxd4 16. Qe3 h5 17. 0-0 h4 18. Rfd1 hxg3 19. hxg3 Qb6 20. Qe1 Rhd8 21. b4 Kb8 22. Ne2 Rxd1 23. Rxd1 Rxd1 24. Qxd1 Qa6 25. Qd3 Qxd3 26. cxd3 a5 27. bxa5 Bxa3 28. Bf1 Bb4 29. d4 Bxa5 30. dxe5 fxe5 31. Nc1 f6 32. Bb5 Kc7 33. Nd3 Kb6 34. Be8 Bc3 35. f3 Bf5 36. Nf2 Bc2 37. Kg2 Bd4 38. Ng4 f5 39. Nh6 Kc5 40. Bg6 b5 41. Nxf5 Bc3 42. g4 b4 43. Bf7 b3 44. Bxb3 Bxb3 45. g5 Bc2 46. Ne3 Bg6 47. Kg3 Bd2 48. Kf2 Kd4 49. Nf1 Kc5 50. Ne3 Kd4 0-1